000
00217 a2200097 4500
001
28462
100
_a
Marrshall S L
245
_a
Laser technology & application
260
_a
_b
McGraw-Hill
_c
090
_c
19066
_d
19066
942
_a
NUST-CAE
_c
M
_c
10076
999
_c
263535
_d
263535